| 000 | 00000nam##2200000za#4500 |
| 001 | 9.699444 |
| 003 | CaOODSP |
| 005 | 20220901140053 |
| 007 | cr ||||||||||| |
| 008 | 150407|2010||||xxc|||||o f|0| 0 eng|d |
| 040 | |aCaOODSP|beng |
| 043 | |an-cn--- |
| 086 | 1 |aJ2-397/2010E-PDF |
| 110 | 1 |aCanada.|bJustice Canada. |
| 245 | 14|aThe spousal support advisory guidelines : |h[electronic resource]|ba new and improved user's guide to the final version / |cprepared by Carol Rogerson and Rollie Thompson. |
| 260 | |aOttawa - Ontario : |bJustice Canada |cMarch 2010. |
| 300 | |a64p. |
| 590 | |a14-13-Supp|b2014-06-23 |
| 690 | 07|aDivorce|2gcpds |
| 690 | 07|aFamily law|2gcpds |
| 775 | 08|tLignes directrices facultatives en matière de pensions alimentaires pour époux : |w(CaOODSP)9.643420 |
| 856 | 40|ahttp://publications.gc.ca|qPDF|s196 KB|uhttps://publications.gc.ca/collections/collection_2014/jus/J2-397-2010-eng.pdf |